Online
Catalog

Capitalistas del trópico : (Record no. 88)

MARC details
000 -CABECERA
campo de control de longitud fija 01918nam a2200349 i 4500
001 - NÚMERO DE CONTROL
campo de control 000000088
003 - IDENTIFICADOR DEL NÚMERO DE CONTROL
campo de control DO-SdBNP
005 - FECHA Y HORA DE LA ÚLTIMA TRANSACCIÓN
campo de control 20230907091612.0
007 - CAMPO FIJO DE DESCRIPCIÓN FÍSICA--INFORMACIÓN GENERAL
campo de control de longitud fija ta
008 - DATOS DE LONGITUD FIJA--INFORMACIÓN GENERAL
campo de control de longitud fija 090122s1991 dr a 001 0 spa d
040 ## - FUENTE DE LA CATALOGACIÓN
Centro catalogador/agencia de origen DO-SdBNP
Lengua de catalogación spa
Centro/agencia transcriptor BNPHU
Normas de descripción rda
082 #4 - NÚMERO DE LA CLASIFICACIÓN DECIMAL DEWEY
Número de clasificación 338.642
Número de documento/Ítem P849c, 1991
Número de edición 22
100 1# - ENTRADA PRINCIPAL--NOMBRE DE PERSONA
Nombre de persona Portes, Alejandro,
9 (RLIN) 288
Término indicativo de función/relación autor
240 10 - TÍTULO UNIFORME
Título uniforme Tropical capitalists : U. S. -bound immigration and small-enterprise development in the Dominican Republic
Lenguaje de la obra español
245 10 - MENCIÓN DE TÍTULO
Título Capitalistas del trópico :
Resto del título la inmigración en los Estados Unidos y el desarrollo de la pequeña empresa en la República Dominicana /
Mención de responsabilidad, etc. Alejandro Portes, Luis Guarnizo ; traducción, Rosa Inés Bueno
250 ## - MENCIÓN DE EDICIÓN
Mención de edición 2a ed.
264 ## - PRODUCCIÓN, PUBLICACIÓN, DISTRIBUCIÓN, FABRICACIÓN Y COPYRIGHT
Producción, publicación, distribución, fabricación y copyright Santo Domingo ;
Nombre del de productor, editor, distribuidor, fabricante FLASCO,
Fecha de producción, publicación, distribución, fabricación o copyright 1991.
300 ## - DESCRIPCIÓN FÍSICA
Extensión 117 páginas :
Otras características físicas ilustraciones ;
Dimensiones 22 cm.
336 ## - TIPO DE CONTENIDO
Fuente rdacontent
Término de tipo de contenido texto
Código de tipo de contenido txt
337 ## - TIPO DE MEDIO
Fuente rdamedia
Nombre/término del tipo de medio sin mediación
Código del tipo de medio nc
338 ## - TIPO DE SOPORTE
Fuente rdacarrier
Nombre/término del tipo de soporte volumen
Código del tipo de soporte n
505 0# - NOTA DE CONTENIDO CON FORMATO
Nota de contenido con formato Prólogo ---
Título Prefacio a la edición en español -
-- I. Generalidades: la inmigración y sus tipos --
-- II. Teorías sobre migración y desarrollo --
-- III. La inmigración dominicana --
-- IV. La economía dominicana en los ochenta --
-- V. Metodología --
-- VI. La comunidad inmigrante dominicana de New York: hallazgos preliminares --
-- VII. Empresas dominicanas vinculadas con la migración: perfil de la muestra --
-- VIII. La comunidad inmigrante y el desarrollo de la pequeña empresa dominicana --
-- IX. Conclusiones.
590 ## - NOTA LOCAL (RLIN)
Nota local Inventariado,2018/DG
650 #4 - PUNTO DE ACCESO ADICIONAL DE MATERIA--TÉRMINO DE MATERIA
Término de materia o nombre geográfico como elemento de entrada Microempresas
Subdivisión geográfica República Dominicana
9 (RLIN) 289
651 #4 - PUNTO DE ACCESO ADICIONAL DE MATERIA--NOMBRE GEOGRÁFICO
Nombre geográfico República Dominicana
Subdivisión general Emigración e inmigración
9 (RLIN) 290
651 #4 - PUNTO DE ACCESO ADICIONAL DE MATERIA--NOMBRE GEOGRÁFICO
Nombre geográfico Estados Unidos
Subdivisión general Emigración e inmigración
9 (RLIN) 291
700 1# - PUNTO DE ACCESO ADICIONAL--NOMBRE DE PERSONA
Nombre de persona Guarnizo, Luis,
9 (RLIN) 292
Término indicativo de función/relación autor
700 1# - PUNTO DE ACCESO ADICIONAL--NOMBRE DE PERSONA
Nombre de persona Bueno, Rosa Inés,
Término indicativo de función/relación traducción
9 (RLIN) 293
710 2# - PUNTO DE ACCESO ADICIONAL--NOMBRE DE ENTIDAD CORPORATIVA
Nombre de entidad corporativa o nombre de jurisdicción como elemento de entrada Facultad Latinoamericana de Ciencias Sociales
9 (RLIN) 294
910 ## - DATOS DE OPCIÓN DEL USUARIO (OCLC)
Datos de opción del usuario Validado. Control de calidad MFF
942 ## - ELEMENTOS DE PUNTO DE ACCESO ADICIONAL (KOHA)
Fuente del sistema de clasificación o colocación Dewey Decimal Classification
Tipo de ítem Koha Libro
Holdings
Estado de retiro Estado de pérdida Fuente del sistema de clasificación o colocación Restricciones de uso No para préstamo Código de colección Localización permanente Ubicación/localización actual Ubicación en estantería Fecha de adquisición Fuente de adquisición Total de préstamos Signatura topográfica completa Código de barras Fecha visto por última vez Número de copia Precio válido a partir de Tipo de ítem Koha
    Dewey Decimal Classification Préstamo en sala   Dominicana de Servicio Biblioteca Nacional Pedro Henríquez Ureña Biblioteca Nacional Pedro Henríquez Ureña Depósito 16.06.2009 034709   BNPHU DS 338.642 P849c, 1991 88-40 25.06.2020 e.4 25.06.2020 Libro
    Dewey Decimal Classification Préstamo en sala   Dominicana de Servicio Biblioteca Nacional Pedro Henríquez Ureña Biblioteca Nacional Pedro Henríquez Ureña Depósito 16.06.2009 035574   BNPHU DS 338.642 P849c, 1991 88-50 25.06.2020 e.5 25.06.2020 Libro
    Dewey Decimal Classification Préstamo en sala   Dominicana de Servicio Biblioteca Nacional Pedro Henríquez Ureña Biblioteca Nacional Pedro Henríquez Ureña Depósito 16.06.2009 053313   BNPHU DS 338.642 P849c, 1991 88-30 25.06.2020 e.3 25.06.2020 Libro
    Dewey Decimal Classification Excluido de préstamo   Patrimonio Dominicano Biblioteca Nacional Pedro Henríquez Ureña Biblioteca Nacional Pedro Henríquez Ureña Depósito 16.06.2009 053311   BNPHU PD 338.642 P849c, 1991 88-10 25.06.2020   25.06.2020 Libro
    Dewey Decimal Classification Excluido de préstamo   Patrimonio Dominicano Biblioteca Nacional Pedro Henríquez Ureña Biblioteca Nacional Pedro Henríquez Ureña Depósito 16.06.2009 053312   BNPHU PD 338.642 P849c, 1991 88-20 25.06.2020 e.2 25.06.2020 Libro

Powered by Koha